LEADER 01370nam a2200301 u 4500 001 000000104462 003 CaOOAMICUS 005 20070327120623.0 008 070327s2006 it u001 u ita u 020 $a88-452-5626-X 040 $aPUL$bita$dLDB 100 1 $aEmo, Andrea,$d1901-1983.$0(OLS)http://pul/name/64131 245 10$aQuaderni di metafisica 1927-1981 /$cAndrea Emo; a cura di Massimo Donà e Romano Gasparotti, prefazione di Massimo Cacciari. 260 $aMilano :$bBompiani,$cc2006. 300 $alxxii, 1674 p. ;$c22 cm 490 1 $aBompiani Il pensiero occidentale 650 4$aMetafisica$xStudi.$0(OLS)http://pul/subject/8506 700 1 $aCacciari, Massimo,$d1944-$0(OLS)http://pul/name/31076 700 1 $aDonà, Massimo,$d1957-$0(OLS)http://pul/name/42988 700 1 $aGasparotti, Romano,$d1959-$0(OLS)http://pul/name/64132 830 0$aBompiani Il pensiero occidentale.$0(OLS)http://pul/title/99836 850 $aPUL 852 $aPUL$W1$xSL Filosofia 3$y81$m190 COLL 2.22.1$j124482$qDDC 21$B116873$CPULBib$Z2$F116873 $H101912 $82 941 1 $a10 983 3$aIl pensiero occidentale (Bompiani) 996 $6020$a88-452-5626-X$9(OLS)http://pul/number/133965 996 $6245$aQuaderni di metafisica 1927-1981$9(OLS)http://pul/title/131395 996 $6260$aMilano :$bBompiani$9(OLS)http://pul/publisher/48240 LEADER 01121nam a2200253 u 4500 001 000000113518 003 CaOOAMICUS 005 20081014181531.0 008 081014s2008 it u000 u ita r 020 $z978-88-217-2845-7* 040 $aPUL$bita$dLDB 245 03$aLa prescrizione e la decadenza :$bstruttura e funzioni : rassegna completa di giurisprudenza /$cAntonella Batà ... [et al.]. 250 $a3. ed. 260 $aMilano :$bIpsoa,$cc2008. 300 $axii, 554 p. ;$c24 cm. 504 $aBibliografia in nota. 650 4$aPrescrizione (Diritto).$0(OLS)http://pul/subject/34101 700 1 $aBatà, Antonella.$0(OLS)http://pul/name/70032 850 $aPUL 852 $aPUL$W1$xSL Diritto e Scienze Sociali 3$y79$m347. 45 BATAN 1$j129707$qDDC 21$B128768$CPULBib$Z2$F128768 $H108396 $82 941 1 $a9 996 $6020$z978-88-217-2845-7*$9(OLS)http://pul/number/138883 996 $6245$aLa prescrizione e la decadenza :$bstruttura e funzioni : rassegna completa di giurisprudenza$9(OLS)http://pul/title/142625 996 $6260$aMilano :$bIpsoa$9(OLS)http://pul/publisher/67046